Principles of electromagnetics (Record no. 5487)
[ view plain ]
| 000 -LEADER | |
|---|---|
| fixed length control field | 00425nam a2200169Ia 4500 |
| 008 - FIXED-LENGTH DATA ELEMENTS--GENERAL INFORMATION | |
| fixed length control field | 230711s9999||||xx |||||||||||||| ||und|| |
| 020 ## - INTERNATIONAL STANDARD BOOK NUMBER | |
| International Standard Book Number | 0-19-806229-x |
| 041 ## - LANGUAGE CODE | |
| Language code of text/sound track or separate title | ENG |
| 082 ## - DEWEY DECIMAL CLASSIFICATION NUMBER | |
| Classification number | 621.3 |
| Item number | SA-P |
| 100 ## - MAIN ENTRY--PERSONAL NAME | |
| Personal name | Sadiku,Matthew.N.O |
| 245 #0 - TITLE STATEMENT | |
| Title | Principles of electromagnetics |
| 250 ## - EDITION STATEMENT | |
| Edition statement | 4th Ed. |
| 260 ## - PUBLICATION, DISTRIBUTION, ETC. | |
| Date of publication, distribution, etc. | 2009 |
| Place of publication, distribution, etc. | New Delhi |
| Name of publisher, distributor, etc. | Oxford University Press |
| 300 ## - PHYSICAL DESCRIPTION | |
| Extent | 734 |
| 650 ## - SUBJECT ADDED ENTRY--TOPICAL TERM | |
| Topical term or geographic name entry element | Electrical Engineering |
| 942 ## - ADDED ENTRY ELEMENTS (KOHA) | |
| Koha item type | Book |
| Withdrawn status | Lost status | Damaged status | Not for loan | Collection | Home library | Current library | Date acquired | Total checkouts | Full call number | Barcode | Date last seen | Price effective from | Koha item type | Date last checked out |
|---|---|---|---|---|---|---|---|---|---|---|---|---|---|---|
| MRSPTU Central Library | MRSPTU Central Library | 621.3 SA-P | 21020 | 08/17/2023 | 08/17/2023 | Book | ||||||||
| MRSPTU Central Library | MRSPTU Central Library | 621.3 SA-P | 21021 | 08/17/2023 | 08/17/2023 | Book | ||||||||
| MRSPTU Central Library | MRSPTU Central Library | 621.3 SA-P | 21022 | 08/17/2023 | 08/17/2023 | Book | ||||||||
| MRSPTU Central Library | MRSPTU Central Library | 621.3 SA-P | 21023 | 08/17/2023 | 08/17/2023 | Book | ||||||||
| MRSPTU Central Library | MRSPTU Central Library | 1 | 621.3 SA-P | 21024 | 06/12/2024 | 08/17/2023 | Book | 04/09/2024 | ||||||
| MRSPTU Central Library | MRSPTU Central Library | 621.3 SA-P | 21025 | 08/17/2023 | 08/17/2023 | Book | ||||||||
| MRSPTU Central Library | MRSPTU Central Library | 621.3 SA-P | 21026 | 08/17/2023 | 08/17/2023 | Book | ||||||||
| MRSPTU Central Library | MRSPTU Central Library | 621.3 SA-P | 21027 | 08/17/2023 | 08/17/2023 | Book | ||||||||
| MRSPTU Central Library | MRSPTU Central Library | 1 | 621.3 SA-P | 21028 | 06/21/2024 | 08/17/2023 | Book | 04/15/2024 | ||||||
| MRSPTU Central Library | MRSPTU Central Library | 621.3 SA-P | 21029 | 08/17/2023 | 08/17/2023 | Book | ||||||||
| MRSPTU Central Library | MRSPTU Central Library | 621.3 SA-P | 21030 | 08/17/2023 | 08/17/2023 | Book | ||||||||
| MRSPTU Central Library | MRSPTU Central Library | 621.3 SA-P | 21031 | 08/17/2023 | 08/17/2023 | Book | ||||||||
| MRSPTU Central Library | MRSPTU Central Library | 621.3 SA-P | 21032 | 08/17/2023 | 08/17/2023 | Book | ||||||||
| MRSPTU Central Library | MRSPTU Central Library | 2 | 621.3 SA-P | 21033 | 06/24/2024 | 08/17/2023 | Book | 05/23/2024 | ||||||
| MRSPTU Central Library | MRSPTU Central Library | 3 | 621.3 SA-P | 21034 | 03/25/2026 | 08/17/2023 | Book | 02/24/2026 | ||||||
| MRSPTU Central Library | MRSPTU Central Library | 621.3 SA-P | 21035 | 08/17/2023 | 08/17/2023 | Book | ||||||||
| MRSPTU Central Library | MRSPTU Central Library | 1 | 621.3 SA-P | 21036 | 03/12/2024 | 08/17/2023 | Book | 02/01/2024 | ||||||
| MRSPTU Central Library | MRSPTU Central Library | 621.3 SA-P | 21037 | 08/17/2023 | 08/17/2023 | Book | ||||||||
| MRSPTU Central Library | MRSPTU Central Library | 621.3 SA-P | 21038 | 08/17/2023 | 08/17/2023 | Book | ||||||||
| MRSPTU Central Library | MRSPTU Central Library | 621.3 SA-P | 21039 | 08/17/2023 | 08/17/2023 | Book | ||||||||
| MRSPTU Central Library | MRSPTU Central Library | 621.3 SA-P | 21040 | 08/17/2023 | 08/17/2023 | Book | ||||||||
| MRSPTU Central Library | MRSPTU Central Library | 621.3 SA-P | 21041 | 08/17/2023 | 08/17/2023 | Book | ||||||||
| MRSPTU Central Library | MRSPTU Central Library | 1 | 621.3 SA-P | 21042 | 05/13/2024 | 08/17/2023 | Book | 05/03/2024 | ||||||
| MRSPTU Central Library | MRSPTU Central Library | 621.3 SA-P | 21043 | 08/17/2023 | 08/17/2023 | Book | ||||||||
| MRSPTU Central Library | MRSPTU Central Library | 621.3 SA-P | 21044 | 08/17/2023 | 08/17/2023 | Book | ||||||||
| MRSPTU Central Library | MRSPTU Central Library | 621.3 SA-P | 21045 | 08/17/2023 | 08/17/2023 | Book | ||||||||
| MRSPTU Central Library | MRSPTU Central Library | 621.3 SA-P | 21046 | 08/17/2023 | 08/17/2023 | Book | ||||||||
| MRSPTU Central Library | MRSPTU Central Library | 621.3 SA-P | 21047 | 08/17/2023 | 08/17/2023 | Book | ||||||||
| MRSPTU Central Library | MRSPTU Central Library | 2 | 621.3 SA-P | 21048 | 02/23/2026 | 08/17/2023 | Book | 02/20/2026 | ||||||
| MRSPTU Central Library | MRSPTU Central Library | 621.3 SA-P | 21049 | 08/17/2023 | 08/17/2023 | Book | ||||||||
| MRSPTU Central Library | MRSPTU Central Library | 621.3 SA-P | 21050 | 08/17/2023 | 08/17/2023 | Book | ||||||||
| MRSPTU Central Library | MRSPTU Central Library | 621.3 SA-P | 21051 | 08/17/2023 | 08/17/2023 | Book | ||||||||
| MRSPTU Central Library | MRSPTU Central Library | 621.3 SA-P | 21052 | 08/17/2023 | 08/17/2023 | Book | ||||||||
| MRSPTU Central Library | MRSPTU Central Library | 621.3 SA-P | 21053 | 08/17/2023 | 08/17/2023 | Book | ||||||||
| MRSPTU Central Library | MRSPTU Central Library | 621.3 SA-P | 21054 | 08/17/2023 | 08/17/2023 | Book | ||||||||
| MRSPTU Central Library | MRSPTU Central Library | 621.3 SA-P | 21055 | 08/17/2023 | 08/17/2023 | Book | ||||||||
| MRSPTU Central Library | MRSPTU Central Library | 1 | 621.3 SA-P | 21056 | 12/14/2023 | 08/17/2023 | Book | 12/14/2023 | ||||||
| MRSPTU Central Library | MRSPTU Central Library | 621.3 SA-P | 21057 | 08/17/2023 | 08/17/2023 | Book | ||||||||
| MRSPTU Central Library | MRSPTU Central Library | 621.3 SA-P | 21058 | 08/17/2023 | 08/17/2023 | Book | ||||||||
| MRSPTU Central Library | MRSPTU Central Library | 621.3 SA-P | 21059 | 08/17/2023 | 08/17/2023 | Book | ||||||||
| MRSPTU Central Library | MRSPTU Central Library | 621.3 SA-P | 21060 | 08/17/2023 | 08/17/2023 | Book | ||||||||
| MRSPTU Central Library | MRSPTU Central Library | 621.3 SA-P | 21061 | 08/17/2023 | 08/17/2023 | Book | ||||||||
| MRSPTU Central Library | MRSPTU Central Library | 2 | 621.3 SA-P | 21062 | 12/20/2023 | 08/17/2023 | Book | 12/08/2023 | ||||||
| MRSPTU Central Library | MRSPTU Central Library | 621.3 SA-P | 21063 | 08/17/2023 | 08/17/2023 | Book | ||||||||
| MRSPTU Central Library | MRSPTU Central Library | 621.3 SA-P | 21064 | 08/17/2023 | 08/17/2023 | Book | ||||||||
| MRSPTU Central Library | MRSPTU Central Library | 621.3 SA-P | 21065 | 08/17/2023 | 08/17/2023 | Book | ||||||||
| MRSPTU Central Library | MRSPTU Central Library | 621.3 SA-P | 21066 | 08/17/2023 | 08/17/2023 | Book | ||||||||
| MRSPTU Central Library | MRSPTU Central Library | 621.3 SA-P | 21067 | 08/17/2023 | 08/17/2023 | Book | ||||||||
| MRSPTU Central Library | MRSPTU Central Library | 5 | 621.3 SA-P | 21068 | 12/31/2024 | 08/17/2023 | Book | 11/29/2024 | ||||||
| MRSPTU Central Library | MRSPTU Central Library | 621.3 SA-P | 21069 | 08/17/2023 | 08/17/2023 | Book | ||||||||
| MRSPTU Central Library | MRSPTU Central Library | 621.3 SA-P | 21070 | 08/17/2023 | 08/17/2023 | Book | ||||||||
| MRSPTU Central Library | MRSPTU Central Library | 621.3 SA-P | 21071 | 08/17/2023 | 08/17/2023 | Book | ||||||||
| MRSPTU Central Library | MRSPTU Central Library | 621.3 SA-P | 21072 | 08/17/2023 | 08/17/2023 | Book | ||||||||
| MRSPTU Central Library | MRSPTU Central Library | 621.3 SA-P | 21073 | 08/17/2023 | 08/17/2023 | Book | ||||||||
| MRSPTU Central Library | MRSPTU Central Library | 621.3 SA-P | 21074 | 08/17/2023 | 08/17/2023 | Book | ||||||||
| MRSPTU Central Library | MRSPTU Central Library | 621.3 SA-P | 21075 | 08/17/2023 | 08/17/2023 | Book | ||||||||
| MRSPTU Central Library | MRSPTU Central Library | 621.3 SA-P | 21076 | 08/17/2023 | 08/17/2023 | Book | ||||||||
| MRSPTU Central Library | MRSPTU Central Library | 621.3 SA-P | 21077 | 08/17/2023 | 08/17/2023 | Book | ||||||||
| MRSPTU Central Library | MRSPTU Central Library | 5 | 621.3 SA-P | 21078 | 03/12/2026 | 08/17/2023 | Book | 02/24/2026 | ||||||
| MRSPTU Central Library | MRSPTU Central Library | 621.3 SA-P | 21079 | 08/17/2023 | 08/17/2023 | Book |
